Special issue : Queensland poets /

Bibliographic Details
Other Authors: Shapcott, Thomas W.
Format: Book
Language:English
Published: Berrima, NSW : South Head Press, 1983.
Series:Poetry Australia ; no. 89.
Subjects:

MARC

Tag First Indicator Second Indicator Subfields
LEADER 00000cam a2200000 a 4500
001 in00001403070
005 20151020054151.0
008 890309s1983 at 000 0 eng d
035 |a (OCoLC)19336423 
035 |9 AHN0613AM 
040 |a IUL  |c IUL  |d TXA  |d UtOrBLW 
049 |a TXAM 
090 |a PR9548  |b .P6 no.89 
245 0 0 |a Special issue :  |b Queensland poets /  |c guest editor, Thomas Shapcott. 
246 3 |a Queensland poets 
264 1 |a Berrima, NSW :  |b South Head Press,  |c 1983. 
300 |a 72 pages ;  |c 25 cm. 
336 |a text  |b txt  |2 rdacontent 
337 |a unmediated  |b n  |2 rdamedia 
338 |a volume  |b nc  |2 rdacarrier 
490 1 |a Poetry Australia ;  |v no. 89, August 1983 
650 0 |a Australian poetry  |z Australia  |z Queensland. 
700 1 |a Shapcott, Thomas W. 
830 0 |a Poetry Australia ;  |v no. 89. 
999 |a MARS 
999 f f |s 50b494a9-ca85-36da-a82b-9e65ef854548  |i a5138ff5-e484-3cc0-b71b-0c812c5f5b4b  |t 0 
952 f f |p ric  |a Texas A&M University  |b Rellis Campus  |c Joint Library Facility  |d Remote Storage  |t 0  |e PR9548 .P6 no.89  |h Library of Congress classification  |i unmediated -- volume  |m A14822024996 
998 f f |a PR9548 .P6 no.89  |t 0  |l Remote Storage